000 00443nam a22001697a 4500
003 OSt
005 20211105102243.0
008 211105b |||||||| |||| 00| 0 eng d
040 _cHAWASSA UNIVERSITY
050 _a636.089200913/ANA
_b1
082 _a636.089200913/ANA
_b1
100 _aHEATH E.
_917054
245 _aANATOMY AND PHYSIOGY OF TROPICAL LIVESTOCK
260 _aLONDON
_bNEW YORK
_c1985
300 _a138
942 _2ddc
_cBOOKS
_n0
999 _c16891
_d16891